00225nam a2200073Ia 4500008004100000082001500041100001400056245008100070240331s9999 xx 000 0 und d a294.3bHOL aHolt, J.C 0aBuddha in the Crown :bAvalokitesvara in the Buddhist Traditons of Sri Lanka